[Event "Ct. Catalunya eq DH"]
[Site "?"]
[Date "2013.03.16"]
[Round "9.4"]
[White "Bergez, L."]
[Black "Asis Gargatagli, H."]
[Result "0-1"]
[WhiteElo "2418"]
[BlackElo "2513"]
[PlyCount "78"]
[EventDate "2013.??.??"]
[EventType "tourn"]
[EventRounds "11"]

1. e4 e5 2. Nf3 Nc6 3. Nc3 Nf6 4. d4 exd4 5. Nxd4 Bb4 6. Nxc6 bxc6 7. Bd3 d5 8.
exd5 cxd5 9. O-O O-O 10. h3 Re8 11. Qf3 c6 12. Bf4 Bd6 13. Rfe1 Be6 14. Ne2 Qb8
15. Bxd6 Qxd6 16. Nd4 Bd7 17. b3 c5 18. Nf5 Bxf5 19. Qxf5 g6 20. Qg5 Kg7 21.
Qd2 Rad8 22. Qa5 Qb6 23. Qa4 a5 24. Qb5 Qc7 25. Rxe8 Rxe8 26. Rd1 Re5 27. Rf1
Nh5 28. Rd1 Nf4 29. Bf1 h5 30. g3 Ne6 31. Qd3 h4 32. Bg2 hxg3 33. fxg3 d4 34.
g4 Nf4 35. Qf1 Ne2+ 36. Kf2 Re3 37. Qh1 Qf4+ 38. Bf3 Qg3+ 39. Kf1 Rxf3+ 0-1

[Event "Ct. Catalunya eq DH"]
[Site "?"]
[Date "2013.03.16"]
[Round "9.4"]
[White "Castelltort Fernandez, A."]
[Black "Pham Guerrero, S."]
[Result "1/2-1/2"]
[WhiteElo "2348"]
[BlackElo "2295"]
[PlyCount "39"]
[EventDate "2013.??.??"]
[EventType "tourn"]
[EventRounds "11"]

1. d4 Nf6 2. Nf3 g6 3. e3 Bg7 4. c4 c5 5. d5 b5 6. cxb5 a6 7. Nc3 d6 8. b6 O-O
9. Be2 Nbd7 10. O-O Nxb6 11. e4 e6 12. dxe6 Bxe6 13. Bf4 d5 14. exd5 Nbxd5 $11
(14... Nfxd5 15. Nxd5 Nxd5 16. Be5 Bxe5 17. Nxe5 Qg5 18. Nf3 Qf6 $15) 15. Be5
Qb6 16. Nxd5 Nxd5 17. Bxg7 Kxg7 18. Qb3 $6 Rab8 $6 (18... Qxb3 19. axb3 Nf4 20.
Bc4 Bxc4 21. bxc4 Ne2+ 22. Kh1 Rfb8 $15) 19. Qxb6 Rxb6 20. Rfc1 $6 (20. Rfc1
Rxb2 21. Bxa6 Nb4 22. Bf1 Nc2 23. Rab1 Rxa2 $15) 1/2-1/2

[Event "Ct. Catalunya eq DH"]
[Site "?"]
[Date "2013.03.16"]
[Round "9.4"]
[White "Hernando Rodrigo, J."]
[Black "Ayas Fernandez, A."]
[Result "1/2-1/2"]
[WhiteElo "2356"]
[BlackElo "2380"]
[PlyCount "135"]
[EventDate "2013.??.??"]
[EventType "tourn"]
[EventRounds "11"]

1. d4 Nf6 2. c4 e6 3. Nc3 Bb4 4. e3 O-O 5. Bd3 c5 6. Nf3 d5 7. O-O Nc6 8. a3
Bxc3 9. bxc3 Qc7 10. Qe2 dxc4 11. Bxc4 e5 12. h3 Bf5 13. Nh4 Be4 14. f3 Bd5 15.
Bxd5 Nxd5 16. Qc4 Nce7 17. e4 cxd4 18. Qxc7 Nxc7 19. cxd4 exd4 20. Rb1 b6 21.
Bf4 Ne6 22. Bd6 Rfe8 23. f4 Rad8 24. e5 Ng6 25. g3 Nxh4 26. gxh4 f5 27. Kg2 Rc8
28. Rf3 Rc2+ 29. Kg3 Rec8 30. Rb5 h5 31. Rd5 Ra2 32. Bb4 Rcc2 33. Rf1 Rg2+ 34.
Kf3 Rh2 35. Kg3 Rag2+ 36. Kf3 Rg6 37. Be7 Rxh3+ 38. Kf2 Nxf4 39. Rd8+ Kh7 40.
Bg5 Nd3+ 41. Ke2 Nxe5 42. Rxf5 Re6 43. Kd1 Rf3 44. Bf4 Rf1+ 45. Kc2 d3+ 46. Kb3
Nc6 47. Rxd3 Rf3 48. Rxh5+ Kg6 49. Rg5+ Kf6 50. Rxf3 Nd4+ 51. Kc3 Nxf3 52. Rg3
Ne5 53. Kd4 Nc6+ 54. Kd3 Ne5+ 55. Kd4 Nc6+ 56. Kd3 Kf5 57. Bc7 Re7 58. Rg5+ Kf6
59. Bg3 Ne5+ 60. Kc3 Nf7 61. Rg4 Re3+ 62. Kb4 Nh6 63. Rf4+ Nf5 64. Bf2 Rh3 65.
Be1 g6 66. a4 Ke6 67. Rg4 Ne7 68. Kb5 1/2-1/2

[Event "Ct. Catalunya eq DH"]
[Site "?"]
[Date "2013.03.16"]
[Round "9.4"]
[White "Libiszewski, F."]
[Black "Vives Esmerat, J."]
[Result "1-0"]
[WhiteElo "2505"]
[BlackElo "2367"]
[PlyCount "67"]
[EventDate "2013.??.??"]
[EventType "tourn"]
[EventRounds "11"]

1. e4 e5 2. Nf3 Nc6 3. Nc3 Nf6 4. Bb5 Nd4 5. Bc4 Nxf3+ 6. gxf3 Bc5 7. Rg1 Nh5
8. d4 Bxd4 9. Ne2 Bb6 10. Rg5 Qe7 11. Rxh5 Qb4+ 12. Qd2 Qxc4 13. Rxe5+ Kf8 14.
b3 Qc6 15. Bb2 h6 16. O-O-O d6 17. Rd5 Be6 18. Nd4 Bxd4 19. Rxd4 Re8 20. f4 f5
21. f3 Kg8 22. Rg1 Re7 23. Qa5 Qb6 24. Qe1 Qb5 25. exf5 Qxf5 26. Re4 Rh7 27.
Qe3 b6 28. Re1 Kf7 29. Kb1 Rh8 30. h4 Rhe8 31. Qc3 Qf6 32. Qd3 Qxh4 33. Qc3 g6
34. Qd4 1-0

[Event "Ct. Catalunya eq DH"]
[Site "?"]
[Date "2013.03.16"]
[Round "9.4"]
[White "Rojas Keim, LA."]
[Black "Rodriguez Cespedes, A."]
[Result "1/2-1/2"]
[WhiteElo "2456"]
[BlackElo "2472"]
[PlyCount "97"]
[EventDate "2013.??.??"]
[EventType "tourn"]
[EventRounds "11"]

1. d4 d5 2. c4 dxc4 3. e3 e5 4. Bxc4 Nc6 5. Nf3 e4 6. Nfd2 Qg5 7. Nxe4 Qxg2 8.
Ng3 Nf6 9. Nc3 Bb4 10. Bf1 Qd5 11. Bd2 Bxc3 12. bxc3 Bg4 13. Qb3 Bf3 14. Rg1
Qd7 15. Qb5 O-O-O 16. Qf5 Qxf5 17. Nxf5 Bg4 18. Ng3 Bf3 19. Bc4 Rd7 20. Bd3 g6
21. c4 Re8 22. Be2 Bxe2 23. Nxe2 Ne4 24. Rc1 Ne5 25. dxe5 Nxd2 26. Nd4 c5 27.
Kxd2 cxd4 28. f4 dxe3+ 29. Kxe3 f6 30. Ke4 fxe5 31. fxe5 Rd2 32. Rce1 Rxh2 33.
Rh1 Rxa2 34. Rxh7 Ra4 35. Kd5 Ra5+ 36. Kd4 Ra6 37. Rb1 b6 38. Rg1 Rd8+ 39. Ke4
Ra4 40. Rxg6 Rxc4+ 41. Kf5 Rc7 42. Rgg7 Rf8+ 43. Ke4 Rxg7 44. Rxg7 a5 45. e6
Rf1 46. Kd5 Kd8 47. Rb7 Rd1+ 48. Ke5 Re1+ 49. Kd6 1/2-1/2

[Event "Ct. Catalunya eq DH"]
[Site "?"]
[Date "2013.03.16"]
[Round "9.4"]
[White "Vidarte Morales, A."]
[Black "Ryan, J."]
[Result "1-0"]
[WhiteElo "2345"]
[BlackElo "2298"]
[PlyCount "125"]
[EventDate "2013.??.??"]
[EventType "tourn"]
[EventRounds "11"]

1. c4 f5 2. Nc3 Nf6 3. g3 d6 4. d4 e6 5. Nf3 Be7 6. Bg2 O-O 7. O-O Ne4 8. Qc2
Nxc3 9. bxc3 Nc6 10. Rd1 Qe8 11. e4 e5 12. c5 Qh5 13. cxd6 cxd6 14. Ba3 f4 15.
dxe5 dxe5 16. Bxe7 Nxe7 17. Qb3+ Kh8 18. Nh4 Ng6 19. Nxg6+ hxg6 20. Rd3 f3 21.
Bxf3 Bg4 22. Bxg4 Qxg4 23. Re1 Qh3 24. Qc2 g5 25. f3 g4 26. fxg4 Qxg4 27. Qe2
Qxe2 28. Rxe2 Rac8 29. Rd5 Rfe8 30. Re3 Rc4 31. Rd7 Ra4 32. Re2 Rc8 33. Rxb7
Rxc3 34. Re7 Rca3 35. Rxe5 Rxa2 36. Kf2 Rxe2+ 37. Kxe2 Ra2+ 38. Kf3 Rxh2 39.
Ra5 Kh7 40. Rxa7 Kg6 41. Kf4 Rf2+ 42. Kg4 Re2 43. Ra6+ Kf7 44. Kf3 Rb2 45. Kf4
Rb1 46. g4 Rf1+ 47. Kg5 Re1 48. Ra7+ Kg8 49. Kg6 Kf8 50. Rf7+ Ke8 51. Rf4 Ke7
52. g5 Rg1 53. Rf5 Rg4 54. Kxg7 Rxe4 55. g6 Re1 56. Rf4 Re2 57. Kg8 Re1 58. g7
Rh1 59. Re4+ Kd6 60. Kf7 Rf1+ 61. Kg6 Rg1+ 62. Kf6 Kd7 63. Re5 1-0

[Event "Ct. Catalunya eq DH"]
[Site "?"]
[Date "2013.03.16"]
[Round "9.5"]
[White "Alexandrova, O."]
[Black "Grafl, F."]
[Result "1-0"]
[WhiteElo "2418"]
[BlackElo "2416"]
[PlyCount "105"]
[EventDate "2013.??.??"]
[EventType "tourn"]
[EventRounds "11"]

1. d4 f5 2. g3 Nf6 3. Bg2 e6 4. Nf3 Be7 5. O-O O-O 6. b3 d6 7. Bb2 Nc6 8. Nbd2
Ne4 9. Nxe4 fxe4 10. Nd2 d5 11. f3 e3 12. Nb1 e5 13. dxe5 d4 14. f4 Bc5 15. Ba3
Qe7 16. Bxc5 Qxc5 17. c3 Rd8 18. b4 Qb6 19. Qb3+ Kh8 20. Na3 dxc3 21. Nc4 Qxb4
22. Bxc6 Qxb3 23. axb3 bxc6 24. Rfc1 Bg4 25. Kf1 Rd2 26. Nxd2 cxd2 27. Rc3 Rd8
28. Rd1 Bh3+ 29. Kg1 Bf5 30. e6 Bxe6 31. Rxe3 Bf7 32. Kf2 a5 33. Rc3 h6 34. Ke3
Rb8 35. Rxd2 Bd5 36. Rdd3 Rb5 37. Kd2 Kh7 38. Re3 Kg6 39. Re5 Rb4 40. Kd3 Kh7
41. e4 Bxb3 42. Rxa5 Ba4 43. Ra7 Bb5+ 44. Ke3 h5 45. h4 Rb1 46. Rxc7 Re1+ 47.
Kd4 Rd1+ 48. Ke5 Re1 49. Ra3 Rg1 50. f5 Kh6 51. Ra8 Kh7 52. f6 Rxg3 53. f7 1-0

[Event "Ct. Catalunya eq DH"]
[Site "?"]
[Date "2013.03.16"]
[Round "9.5"]
[White "Escobar Torres, A."]
[Black "Escandell Mari, JC."]
[Result "1/2-1/2"]
[WhiteElo "2356"]
[BlackElo "2380"]
[PlyCount "52"]
[EventDate "2013.??.??"]
[EventType "tourn"]
[EventRounds "11"]

1. d4 Nf6 2. Nf3 g6 3. Bf4 Bg7 4. h3 O-O 5. e3 d6 6. Be2 b6 7. O-O c5 8. Bh2
Bb7 9. c3 Nbd7 10. Nbd2 Qc7 11. a4 Ne4 12. Nxe4 Bxe4 13. Nd2 Bb7 14. Bf3 a6 15.
Qb3 Bxf3 16. Nxf3 Rfb8 17. Ng5 c4 18. Qc2 h6 19. Nf3 b5 20. axb5 axb5 21. Nd2
Ra7 22. b3 Nb6 23. Rfb1 Rc8 24. Rxa7 Qxa7 25. bxc4 Nxc4 26. Nxc4 Rxc4 1/2-1/2

[Event "Ct. Catalunya eq DH"]
[Site "?"]
[Date "2013.03.16"]
[Round "9.5"]
[White "Garrido Fernandez, D."]
[Black "Vehi Bach, VM."]
[Result "1/2-1/2"]
[WhiteElo "2287"]
[BlackElo "2309"]
[PlyCount "59"]
[EventDate "2013.??.??"]
[EventType "tourn"]
[EventRounds "11"]

1. e4 c5 2. Nc3 a6 3. f4 b5 4. Nf3 Bb7 5. d3 e6 6. g3 d5 7. Qe2 Nc6 8. Bg2 Nd4
9. Qf2 Nxf3+ 10. Bxf3 d4 11. Ne2 Nf6 12. g4 Qc7 13. Bd2 e5 14. f5 h6 15. a4 Nd7
16. O-O Be7 17. Ng3 Bh4 18. Qg2 Ke7 19. Ne2 Bg5 20. Ng3 Qd6 21. Bd1 Qc6 22. Qf2
Raf8 23. Bf3 Kd6 24. axb5 axb5 25. Ra5 Ra8 26. Rfa1 Qc7 27. Rxa8 Rxa8 28. Rxa8
Bxa8 29. Bxg5 hxg5 30. Qd2 1/2-1/2

[Event "Ct. Catalunya eq DH"]
[Site "?"]
[Date "2013.03.16"]
[Round "9.5"]
[White "Panelo Muñoz, MA."]
[Black "Perpinya Rofes, LM."]
[Result "0-1"]
[WhiteElo "2468"]
[BlackElo "2439"]
[PlyCount "126"]
[EventDate "2013.??.??"]
[EventType "tourn"]
[EventRounds "11"]

1. d4 Nf6 2. c4 g6 3. Nc3 Bg7 4. e4 d6 5. f3 O-O 6. Be3 c5 7. Nge2 Nc6 8. d5
Na5 9. Ng3 a6 10. Rc1 Bd7 11. Be2 b5 12. O-O Nxc4 13. Bxc4 bxc4 14. h3 Rb8 15.
Rc2 Ne8 16. Qd2 Qa5 17. Bh6 Rxb2 18. Rxb2 Bxc3 19. Qc1 Bxb2 20. Qxb2 c3 21. Qb7
Qb5 22. Rb1 Qd3 23. Rf1 Nf6 24. Bxf8 Kxf8 25. Qb8+ Kg7 26. Qb1 c4 27. Qc1 Ba4
28. Qg5 c2 29. Kh2 Kf8 30. Re1 c3 31. Qc1 Qd2 32. Nf1 Qd3 33. Qe3 Qxe3 34. Nxe3
Nd7 35. Ng4 f5 36. exf5 gxf5 37. Nf2 Nf6 38. Nd3 Nxd5 39. Nc1 e5 40. g4 f4 41.
Re4 Bb5 42. a4 Bd7 43. Kg1 Ne3 44. Kf2 a5 45. Ke2 Bc6 46. Rxe3 fxe3 47. Kxe3
Ke7 48. Kd3 Bxa4 49. Kxc3 Bc6 50. Kxc2 Bxf3 51. Kd3 d5 52. Ke3 Bg2 53. h4 a4
54. Nd3 a3 55. Nb4 Kd6 56. g5 Be4 57. h5 Bb1 58. Kd2 d4 59. g6 hxg6 60. h6 g5
61. Nc2 Bxc2 62. Kxc2 d3+ 63. Kd2 a2 0-1

[Event "Ct. Catalunya eq DH"]
[Site "?"]
[Date "2013.03.16"]
[Round "9.5"]
[White "Pijuan Herranz, M."]
[Black "Gual Pascual, A."]
[Result "0-1"]
[WhiteElo "2327"]
[BlackElo "2542"]
[PlyCount "34"]
[EventDate "2013.??.??"]
[EventType "tourn"]
[EventRounds "11"]

1. d4 d6 2. g3 g6 3. Bg2 Bg7 4. Nf3 Nf6 5. O-O O-O 6. b3 Nc6 7. Bb2 Bf5 8. Nbd2
Qc8 9. Re1 Re8 10. e4 Bg4 11. Qe2 e5 12. d5 Nd8 13. c4 b6 14. b4 Nb7 15. Nb3 a5
16. a3 Bh6 17. Bc3 a4 0-1

[Event "Ct. Catalunya eq DH"]
[Site "?"]
[Date "2013.03.16"]
[Round "9.6"]
[White "Baños, OF."]
[Black "Maroto Borras, JL."]
[Result "1-0"]
[WhiteElo "2226"]
[BlackElo "2314"]
[PlyCount "97"]
[EventDate "2013.??.??"]
[EventType "tourn"]
[EventRounds "11"]

1. d4 e6 2. Nf3 Nf6 3. e3 b6 4. Bd3 Bb7 5. O-O Be7 6. b3 O-O 7. Bb2 c5 8. Nbd2
Nc6 9. a3 Rc8 10. Qe2 Rc7 11. Rfd1 Qc8 12. Ne5 d6 13. Ng4 Nxg4 14. Qxg4 f5 15.
Qh5 cxd4 16. exd4 Bf6 17. Nf3 g6 18. Qh6 Nd8 19. Ng5 Bxg5 20. Qxg5 Rxc2 21.
Bxc2 Qxc2 22. Qd2 Qxb3 23. a4 Nf7 24. a5 Rc8 25. Rdc1 Rxc1+ 26. Qxc1 Qd5 27. f3
bxa5 28. Qc3 e5 29. Rxa5 exd4 30. Qe1 Qc4 31. Rxa7 Bd5 32. Qd2 Qc5 33. Bxd4 Qb5
34. Rc7 Ne5 35. h4 Qd3 36. Qxd3 Nxd3 37. Rg7+ Kf8 38. Rxh7 Bf7 39. Rh8+ Bg8 40.
h5 gxh5 41. Rxh5 Be6 42. Rh7 Bf7 43. Rh4 Ke7 44. Be3 Ne5 45. Rd4 Ng6 46. Kf2
Ke6 47. Bc1 d5 48. Ra4 Ne5 49. Ke3 1-0

[Event "Ct. Catalunya eq DH"]
[Site "?"]
[Date "2013.03.16"]
[Round "9.6"]
[White "Camacho Collados, J."]
[Black "Llaneza Vega, P."]
[Result "0-1"]
[WhiteElo "2339"]
[BlackElo "2241"]
[PlyCount "126"]
[EventDate "2013.??.??"]
[EventType "tourn"]
[EventRounds "11"]

1. Nf3 c5 2. g3 Nc6 3. Bg2 g6 4. c3 Bg7 5. d4 cxd4 6. cxd4 Nf6 7. Nc3 d5 8. O-O
O-O 9. Bf4 Nh5 10. Bd2 Nxd4 11. Nxd4 Bxd4 12. Bh6 Bg7 13. Bxg7 Nxg7 14. Qxd5
Qb6 15. Qb3 Qxb3 16. axb3 Rd8 17. Nd5 Be6 18. Rfd1 Kf8 19. b4 Rac8 20. Nc3
Rxd1+ 21. Rxd1 Nf5 22. Ra1 Nd6 23. Rxa7 Rc4 24. Bxb7 Rxb4 25. Bd5 Bxd5 26. Nxd5
Rxb2 27. Kf1 e6 28. Nf4 Rb7 29. Ra6 Nf5 30. Nd3 Rb5 31. Ra7 Rb1+ 32. Kg2 Rb5
33. f4 Ne3+ 34. Kf3 Nc4 35. Rc7 Nd6 36. Rd7 Nc4 37. Rd4 Nb6 38. Rd8+ Kg7 39.
Rb8 Rb3 40. Rb7 Nc4 41. Rxb3 Nd2+ 42. Ke3 Nxb3 43. g4 f6 44. h4 h5 45. g5 Na5
46. Kd4 Kf7 47. e4 Nb3+ 48. Ke3 Na5 49. Kd4 Nb3+ 50. Kc3 Na5 51. Kb4 Nb7 52.
Nc5 Nxc5 53. Kxc5 e5 54. gxf6 exf4 55. Kd4 Kxf6 56. e5+ Kf5 57. e6 Kxe6 58. Ke4
f3 59. Ke3 Ke5 60. Kxf3 Kf5 61. Kg3 Ke4 62. Kg2 Kf4 63. Kh3 Kf3 0-1

[Event "Ct. Catalunya eq DH"]
[Site "?"]
[Date "2013.03.16"]
[Round "9.6"]
[White "Perez Mañas, B."]
[Black "Pardo Simon, D."]
[Result "0-1"]
[WhiteElo "2381"]
[BlackElo "2418"]
[PlyCount "130"]
[EventDate "2013.??.??"]
[EventType "tourn"]
[EventRounds "11"]

1. e4 e5 2. Nf3 Nc6 3. Bb5 g6 4. d3 Bg7 5. c3 Nge7 6. Nbd2 O-O 7. Qe2 a6 8. Ba4
b5 9. Bc2 d5 10. a4 b4 11. a5 h6 12. O-O Rb8 13. Nb3 Re8 14. Be3 bxc3 15. bxc3
d4 16. cxd4 exd4 17. Bf4 Nd5 18. Bg3 f5 19. Qd2 Nc3 20. Rae1 fxe4 21. dxe4 d3
22. Bxd3 Rxb3 23. Bc4+ Be6 24. Bxb3 Bxb3 25. Re3 Qxd2 26. Nxd2 Ba4 27. Bxc7 Bd4
28. Rf3 Bb5 29. Re1 Ne5 30. Bxe5 Bxe5 31. Nb3 Ne2+ 32. Kh1 Rd8 33. Nc5 Nd4 34.
Rh3 h5 35. Rd1 Be2 36. Rb1 Nc6 37. f4 Bf6 38. e5 Be7 39. Re3 Bc4 40. Rc3 Nxa5
41. Nb7 Rb8 42. Rb6 Rxb7 43. Rxb7 Nxb7 44. Rxc4 Nc5 45. g3 a5 46. h3 a4 47. g4
a3 48. Rb4 Kf7 49. Rb8 hxg4 50. hxg4 Nd3 51. Kg2 Nxf4+ 52. Kf3 Nd5 53. Ra8 Nc7
54. Ra7 Nb5 55. Ra6 Bb4 56. Ke4 Bc3 57. e6+ Ke7 58. Kd3 Bb2 59. Kc4 Nc7 60. Ra7
Kxe6 61. Kb3 Nb5 62. Ra6+ Kf7 63. Rb6 Nd4+ 64. Ka2 Nf3 65. Rb7+ Kf6 0-1

[Event "Ct. Catalunya eq DH"]
[Site "?"]
[Date "2013.03.16"]
[Round "9.6"]
[White "Pueyo Burrell, D."]
[Black "Jose Queralto, D."]
[Result "1-0"]
[WhiteElo "2306"]
[BlackElo "2287"]
[PlyCount "27"]
[EventDate "2013.??.??"]
[EventType "tourn"]
[EventRounds "11"]

1. e4 e5 2. Nf3 Nf6 3. Nc3 Nc6 4. Bb5 Nd4 5. Ba4 c6 $5 6. Nxe5 d5 $13 7. exd5
b5 $4 (7... Bd6 8. dxc6 (8. Nc4 $6 b5 9. Nxd6+ Qxd6 10. Bb3 O-O $17) 8... O-O
$13) 8. Nxc6 Qb6 9. Nxd4 Qxd4 10. Bxb5+ Kd8 11. d3 Bg4 12. Be3 Qb4 13. Qd2 Qxb2
14. Rb1 1-0

[Event "Ct. Catalunya eq DH"]
[Site "?"]
[Date "2013.03.16"]
[Round "9.7"]
[White "Draghici Flutor, G."]
[Black "Fernandez Cazorla, A."]
[Result "1-0"]
[WhiteElo "2207"]
[BlackElo "2303"]
[PlyCount "119"]
[EventDate "2013.??.??"]
[EventType "tourn"]
[EventRounds "11"]

1. e4 c5 2. Nf3 d6 3. d4 cxd4 4. Nxd4 Nf6 5. Nc3 a6 6. h3 e5 7. Nde2 Be6 8. g4
h6 9. Bg2 Be7 10. Be3 Nbd7 11. O-O O-O 12. f4 exf4 13. Nxf4 Bc4 14. Rf2 Ne5 15.
b3 Be6 16. Rd2 Rc8 17. Na4 Nfd7 18. c4 b5 19. cxb5 axb5 20. Nb2 Qa5 21. Nbd3
Nxd3 22. Nxd3 Bf6 23. Rc1 Bc3 24. Rdc2 b4 25. Nf4 Qe5 26. Ne2 Nf6 27. Nxc3 bxc3
28. Bd4 Qf4 29. Qf3 Qg5 30. Qe3 Qxe3+ 31. Bxe3 d5 32. e5 Ne4 33. Bxe4 dxe4 34.
Rxc3 Rxc3 35. Rxc3 Ra8 36. Rc2 h5 37. gxh5 Bxh3 38. Kh2 Bg4 39. h6 gxh6 40.
Bxh6 Kh7 41. Be3 Kg6 42. Kg3 Kf5 43. Bd4 Rd8 44. Rc4 Bf3 45. Kf2 Rg8 46. Rc7
Rg2+ 47. Kf1 Rd2 48. Rxf7+ Kg4 49. Be3 Rxa2 50. e6 Ra1+ 51. Kf2 Ra2+ 52. Ke1
Ra6 53. e7 Re6 54. b4 Kg3 55. b5 Bh5 56. Rh7 Be8 57. b6 Bc6 58. Bc5 e3 59. Rh8
Bb5 60. b7 1-0

[Event "Ct. Catalunya eq DH"]
[Site "?"]
[Date "2013.03.16"]
[Round "9.7"]
[White "Lopez Santana, O."]
[Black "Martinez Ramirez, E."]
[Result "1/2-1/2"]
[WhiteElo "2176"]
[BlackElo "2302"]
[PlyCount "62"]
[EventDate "2013.??.??"]
[EventType "tourn"]
[EventRounds "11"]

1. e4 c5 2. Nf3 g6 3. d4 cxd4 4. Qxd4 Nf6 5. Bb5 a6 6. e5 axb5 7. exf6 Nc6 8.
Qh4 Ra4 9. fxe7 Bxe7 10. Qh6 Re4+ 11. Be3 Nb4 12. O-O Nxc2 13. Nc3 Rxe3 14.
fxe3 Nxa1 15. Nd5 d6 16. Qg7 Rf8 17. Nd4 Nc2 18. Nxc2 Be6 19. Ncb4 Qc8 20. h3
Qc5 21. Rd1 Bd8 22. Rd3 Qc4 23. a3 Bxd5 24. Rxd5 Qc1+ 25. Kf2 Bh4+ 26. g3 Bxg3+
27. Kxg3 Qg1+ 28. Kf3 Qf1+ 29. Kg3 Qg1+ 30. Kf3 Qf1+ 31. Kg3 Qg1+ 1/2-1/2

[Event "Ct. Catalunya eq DH"]
[Site "?"]
[Date "2013.03.16"]
[Round "9.7"]
[White "Rodriguez Vargas, O."]
[Black "Garcia Jimenez, FJ."]
[Result "1/2-1/2"]
[WhiteElo "2408"]
[BlackElo "2342"]
[PlyCount "110"]
[EventDate "2013.??.??"]
[EventType "tourn"]
[EventRounds "11"]

1. Nf3 c5 2. c4 Nc6 3. Nc3 g6 4. e3 Nf6 5. d4 cxd4 6. exd4 d5 7. cxd5 Nxd5 8.
Bc4 Nb6 9. Bb3 Bg7 10. Be3 O-O 11. h3 Na5 12. Bc2 Nbc4 13. Bc1 Nc6 14. d5 Nb4
15. Bb3 Na5 16. O-O Bf5 17. Bg5 h6 18. Be3 Bd3 19. Re1 Nxb3 20. axb3 Bc2 21.
Qd2 Bxb3 22. Ra3 Bxd5 23. Nxd5 Nxd5 24. Bxh6 e6 25. Re4 Ne7 26. Rd3 Bxh6 27.
Qxh6 Nf5 28. Rxd8 Nxh6 29. Rd7 b5 30. g4 Rfd8 31. Red4 Rxd7 32. Rxd7 Rc8 33.
Rxa7 Rc2 34. Rb7 Rxb2 35. Ne5 b4 36. Kg2 g5 37. Nc6 Kg7 38. Rxb4 Rxb4 39. Nxb4
f6 40. Kg3 Nf7 41. h4 gxh4+ 42. Kxh4 Nd6 43. f3 Nb5 44. Nd3 Nd4 45. Kg3 Kf7 46.
f4 Kg6 47. Nc5 Kf7 48. Kf2 Nc6 49. Ke3 Ne7 50. Ke4 f5+ 51. Kf3 fxg4+ 52. Kxg4
Nd5 53. Kg5 Ne3 54. Nxe6 Kxe6 55. f5+ Nxf5 1/2-1/2

[Event "Ct. Catalunya eq DH"]
[Site "?"]
[Date "2013.03.16"]
[Round "9.7"]
[White "Serra Pages, J."]
[Black "Ramirez Garcia, JA."]
[Result "0-1"]
[WhiteElo "2284"]
[BlackElo "2309"]
[PlyCount "92"]
[EventDate "2013.??.??"]
[EventType "tourn"]
[EventRounds "11"]

1. d4 Nf6 2. c4 e6 3. Nf3 d5 4. Nc3 Nbd7 5. Bg5 Bb4 6. e3 c5 7. cxd5 exd5 8.
Bd3 Qa5 9. Qc2 c4 10. Bf5 O-O 11. O-O Re8 12. Nd2 g6 13. Bh3 Kg7 14. a3 Bxc3
15. Qxc3 Qxc3 16. bxc3 Nb6 17. Bxc8 Nxc8 18. f3 b5 19. a4 Rb8 20. e4 a6 21.
axb5 axb5 22. Rfb1 Ne7 23. Ra6 Nfg8 24. Ra5 b4 25. Rxb4 Rxb4 26. cxb4 c3 27.
Nb3 dxe4 28. fxe4 Nc6 29. Rc5 Nxb4 30. Rc4 h6 31. Rxb4 hxg5 32. Nc5 Nf6 33. e5
Nd5 34. Rc4 Ra8 35. Na4 c2 36. Rxc2 Rxa4 37. Rd2 Nc3 38. Rc2 Ne4 39. g3 Rxd4
40. Rc8 g4 41. Kf1 Ng5 42. Kf2 Re4 43. Rc5 Nf3 44. h4 Nxe5 45. Kg2 Nd7 46. Rc7
Nf6 0-1

[Event "Ct. Catalunya eq DH"]
[Site "?"]
[Date "2013.03.16"]
[Round "9.8"]
[White "Bosque Ortega, X."]
[Black "Martin Gonzalez, A."]
[Result "0-1"]
[WhiteElo "2322"]
[BlackElo "2440"]
[PlyCount "72"]
[EventDate "2013.??.??"]
[EventType "tourn"]
[EventRounds "11"]

1. d4 e6 2. Nf3 c5 3. c3 Nc6 4. Bf4 cxd4 5. Nxd4 Nf6 6. Nxc6 bxc6 7. Bd6 Bxd6
8. Qxd6 Qb6 9. Qa3 c5 10. Nd2 O-O 11. e3 Bb7 12. Nc4 Qc7 13. Qa5 Qc6 14. Rd1 d5
15. Ne5 Qd6 16. Nf3 e5 17. Be2 Qe7 18. O-O e4 19. Nd2 Nd7 20. Qc7 Rab8 21. Nxe4
Qxe4 22. Qxd7 Qc2 23. Bf3 Ba6 24. Qxa7 Bxf1 25. Rxf1 Rxb2 26. Qxc5 Rfb8 27.
Bxd5 Rb1 28. g3 Qe2 29. Bxf7+ Kh8 30. Rxb1 Rxb1+ 31. Kg2 Qf1+ 32. Kf3 Qd1+ 33.
Kf4 Qd8 34. Qf5 Rb6 35. Qd5 Rd6 36. Qb7 Rd7 0-1

[Event "Ct. Catalunya eq DH"]
[Site "?"]
[Date "2013.03.16"]
[Round "9.8"]
[White "Espinoza Palomino, W."]
[Black "Heredia Tarrats, A."]
[Result "1-0"]
[WhiteElo "2284"]
[BlackElo "2129"]
[PlyCount "47"]
[EventDate "2013.??.??"]
[EventType "tourn"]
[EventRounds "11"]

1. e4 e6 2. d4 d5 3. Nc3 Bb4 4. e5 c5 5. a3 Ba5 6. b4 cxd4 7. Nb5 Bc7 8. f4 Bd7
9. Nxc7+ Qxc7 10. Nf3 Nc6 11. Bd3 Nge7 12. O-O Nf5 13. Qe2 h5 14. Bb2 Rc8 15.
b5 Nce7 16. Nxd4 Qb6 17. Qf2 O-O 18. Kh1 Qa5 19. a4 Rc7 20. Ba3 Rfc8 21. Nb3
Qc3 22. Bc1 Qb4 23. Bd2 Rc3 24. Qxa7 1-0

[Event "Ct. Catalunya eq DH"]
[Site "?"]
[Date "2013.03.16"]
[Round "9.8"]
[White "Gonzalez Hernandez, F."]
[Black "Van Hasselt, F."]
[Result "1-0"]
[WhiteElo "2239"]
[BlackElo "2248"]
[PlyCount "51"]
[EventDate "2013.??.??"]
[EventType "tourn"]
[EventRounds "11"]

1. e4 d6 2. d4 Nf6 3. Nc3 c6 4. a4 Nbd7 5. Nf3 e5 6. Bc4 Be7 7. O-O O-O 8. Re1
Qc7 9. h3 b6 10. d5 c5 $6 11. Nh2 Re8 12. a5 bxa5 13. Nb5 Qb7 14. Bf1 a6 15.
Na3 Nb6 16. Nc4 Nxc4 17. Bxc4 Bd7 18. b3 Bb5 $11 19. Qe2 Bxc4 (19... a4) 20.
Qxc4 Qb5 21. Qc3 Bd8 $6 22. Nf1 Bb6 23. Nd2 Qb4 $2 24. Bb2 Qd4 25. Nc4 Bc7 $4 (
25... Qxc3 26. Bxc3 Bc7 $16) 26. Qf3 1-0

[Event "Ct. Catalunya eq DH"]
[Site "?"]
[Date "2013.03.16"]
[Round "9.8"]
[White "Pascual Genoves, M."]
[Black "Aalbersberg Kroon, P."]
[Result "1-0"]
[WhiteElo "2302"]
[BlackElo "1982"]
[PlyCount "123"]
[EventDate "2013.??.??"]
[EventType "tourn"]
[EventRounds "11"]

1. e4 e5 2. Nf3 Nc6 3. Bb5 a6 4. Ba4 Nf6 5. d3 b5 6. Bb3 Be7 7. Nc3 O-O 8. a4
Rb8 9. axb5 axb5 10. O-O d6 11. h3 Be6 12. Nd5 Nd4 13. Nxd4 exd4 14. Re1 c6 15.
Nxe7+ Qxe7 16. e5 Nd5 17. Qh5 Qd7 18. Bd2 Rfe8 19. Qh4 c5 20. Qg3 dxe5 21. Rxe5
f6 22. Ree1 Kh8 23. Ra6 Bf7 24. Rea1 Nb6 25. Bxf7 Qxf7 26. Qd6 Na4 27. b3 Red8
28. Qe6 Qxe6 29. Rxe6 Nc3 30. Ra5 c4 31. bxc4 bxc4 32. dxc4 d3 33. cxd3 Rxd3
34. Bf4 Rc8 35. Ra7 h5 36. Ree7 Rxc4 37. Be3 Nd5 38. Rxg7 Nxe3 39. fxe3 Rxe3
40. Rh7+ Kg8 41. Rxh5 Re2 42. Rb5 Re8 43. Rb6 f5 44. Rg6+ Kh8 45. Rf7 Rc5 46.
Rg5 Ree5 47. h4 Rc4 48. h5 Rf4 49. Kh2 Re2 50. Rfxf5 Ra4 51. Ra5 Rb4 52. Rgb5
Rg4 53. Ra8+ Kh7 54. Rb7+ Rg7 55. Rxg7+ Kxg7 56. Ra5 Kh6 57. Kh3 Re3+ 58. Kh4
Re1 59. Ra6+ Kg7 60. g4 Re4 61. h6+ Kh7 62. Kh5 1-0

[Event "Ct. Catalunya eq DH"]
[Site "?"]
[Date "2013.03.16"]
[Round "9.9"]
[White "Caro Soler, I."]
[Black "Castellet Giralt, G."]
[Result "0-1"]
[WhiteElo "1869"]
[BlackElo "2285"]
[PlyCount "78"]
[EventDate "2013.??.??"]
[EventType "tourn"]
[EventRounds "11"]

1. d4 g6 2. Bf4 Bg7 3. Nf3 d6 4. e3 Nd7 5. Be2 e5 6. dxe5 dxe5 7. Bg3 Qe7 8. c3
Ngf6 9. O-O O-O 10. Nbd2 h6 11. Qc2 Nh5 12. Rfd1 Nxg3 13. hxg3 a5 14. Bc4 Kh7
15. Nh4 Bf6 16. Nhf3 Nc5 17. Ne4 Bf5 18. Bd3 Nxd3 19. Qxd3 Bg7 20. Nh4 Rfd8 21.
Qc2 Bg4 22. Nf3 Rxd1+ 23. Rxd1 f5 24. Ned2 e4 25. Nh2 Bxd1 26. Qxd1 Rd8 27.
Nhf1 Qe6 28. a3 Qa2 29. Qc2 Qd5 30. Qa4 b6 31. Qc2 Qb5 32. Qc1 Qe2 33. Qc2 b5
34. Qc1 c5 35. Qc2 h5 36. Qc1 Bh6 37. Qc2 Qe1 38. Nb3 Rd1 39. Nbd2 Rc1 0-1